000 01032cam a22003131 4500
001 6958833
005 20260108153449.0
008 781208s1947 stk 001 0 eng
010 _a 50017334
035 _a6958833
035 _a(OCoLC)4430296
040 _aDLC
_cNNYU
_dNNYU
_dDLC
041 0 _aeng
_aheb
042 _apremarc
100 1 _aDavidson, A. B.
_q(Andrew Bruce),
_d1831-1902.
245 1 3 _aAn introductory Hebrew grammar :
_bwith progressive exercises in reading, writing and pointing /
_cby A. B. Davidson; rev. throughout by John Edgar McFadyen.
250 _a24th ed.
260 _aEdinburgh :
_bT. & T. Clark,
_cc1947.
300 _axiv, 236 p. ;
_c23 cm.
336 _atext
_btxt
_2rdacontent
337 _aunmediated
_bn
_2rdamedia
338 _avolume
_bnc
_2rdacarrier
500 _aOn spine: Hebrew grammar.
500 _aThis ed. first published in 1932.
650 0 _aHebrew language
_xGrammar.
700 1 _aMcFadyen, John Edgar,
_d1870-1933.
740 0 _aHebrew grammar.
942 _2lcc
_cBK
999 _c55111
_d55111